CRC Encyclopedia of mathematics (Record no. 239)

MARC details
000 -LEADER
fixed length control field 00504 a2200205 4500
001 - CONTROL NUMBER
control field 066033
003 - CONTROL NUMBER IDENTIFIER
control field OSt
005 - DATE AND TIME OF LATEST TRANSACTION
control field 20251212160234.0
008 - FIXED-LENGTH DATA ELEMENTS--GENERAL INFORMATION
fixed length control field
082 ## - DEWEY DECIMAL CLASSIFICATION NUMBER
Classification number 510.3
Item number W43C
245 1# - TITLE STATEMENT
Title CRC Encyclopedia of mathematics
Statement of responsibility, etc By Eric W. Weisstein
260 ## - PUBLICATION, DISTRIBUTION, ETC. (IMPRINT)
Place of publication, distribution, etc New Delhi
Name of publisher, distributor, etc CRC Press
Date of publication, distribution, etc 2009
300 ## - PHYSICAL DESCRIPTION
Extent 3v.(4307p.)
500 ## - GENERAL NOTE
General note 319 v.1; 320 v.2; 321 v.3
546 ## - LANGUAGE NOTE
Language note English
690 ## - LOCAL SUBJECT ADDED ENTRY--TOPICAL TERM (OCLC, RLIN)
Topical term or geographic name as entry element Mathematics
700 ## - ADDED ENTRY--PERSONAL NAME
Personal name Weisstein
700 ## - ADDED ENTRY--PERSONAL NAME
Personal name Eric W
942 ## - ADDED ENTRY ELEMENTS (KOHA)
Source of classification or shelving scheme Dewey Decimal Classification
Koha item type Books
Holdings
Withdrawn status Lost status Materials specified (bound volume or other part) Damaged status Use restrictions Not for loan Collection code Home library Current library Department Date acquired Source of acquisition Coded location qualifier Cost, normal purchase price Inventory number(Invoice/Date) Full call number Barcode Date last seen Price effective from Koha item type
    I, II, III   Restricted Access Not For Loan Reference Books Central University Of Rajasthan Central University Of Rajasthan Mathematics 07/03/2012 MTH CRC Press 25231.00 29329/06-03-2009 510.3 W43C 319 21/11/2024 02/09/2020 Reference
    I, II, III   Restricted Access Not For Loan Reference Books Central University Of Rajasthan Central University Of Rajasthan Mathematics 07/03/2012 MTH CRC Press 25231.00 29329/06-03-2009 510.3 W43C 320 21/11/2024 02/09/2020 Reference
    I, II, III   Restricted Access Not For Loan Reference Books Central University Of Rajasthan Central University Of Rajasthan Mathematics 07/03/2012 MTH CRC Press 25231.00 29329/06-03-2009 510.3 W43C 321 21/11/2024 02/09/2020 Reference